Arena de memoria / (Registro nro. 189374)

Detalles MARC
000 -LEADER
campo de control de longitud fija 00630nam a2200217 i 4500
001 - NÚMERO DE CONTROL
campo de control 189374
003 - IDENTIFICADOR DE NÚMERO DE CONTROL
campo de control SpMaBN
005 - FECHA Y HORA DE LA ÚLTIMA TRANSACCIÓN
campo de control 20230906223447.0
008 - DATOS DE LONGITUD FIJA--INFORMACIÓN GENERAL
campo de control de longitud fija 190527s1985 sp c |||| | spa d
020 ## - NÚMERO INTERNACIONAL ESTÁNDAR DEL LIBRO
Número Internacional Estándar del Libro 84-86353-06-8
080 ## - NÚMERO DE LA CLASIFICACIÓN DECIMAL UNIVERSAL
Número de la Clasificación Decimal Universal 860-14"19"
100 1# - ENTRADA PRINCIPAL--NOMBRE DE PERSONA
Nombre de persona Presa, Vicente.
9 (RLIN) 93770
245 10 - MENCIÓN DEL TÍTULO
Título Arena de memoria /
Mención de responsabilidad, etc. Vicente Presa.
260 ## - PUBLICACIÓN, DISTRIBUCIÓN, ETC.
Lugar de publicación, distribución, etc. Madrid :
Nombre del editor, distribuidor, etc. El Observatorio,
Fecha de publicación, distribución, etc. 1985.
300 ## - DESCRIPCIÓN FÍSICA
Extensión 96 p. :
Otras características físicas 1 retr. autor ;
Dimensiones 17 cm.
490 1# - MENCIÓN DE SERIE
Mención de serie Poesía ;
Designación de volumen o secuencia 3
598 ## - NOTA LOCAL
Nota local En port. y cub.: numerado también como v. 2 de la serie.
830 0# - PUNTO DE ACCESO ADICIONAL DE SERIE-TÍTULO UNIFORME
Título uniforme Poesía ;
Designación de volumen o secuencia 3
9 (RLIN) 177794
852 ## - LOCALIZACIÓN
Ubicación ES-MaACL
Número de control de estantería L-32369
Existencias
Estatus retirado Estado de pérdida Estado de daño No para préstamo Biblioteca de origen Biblioteca actual Ubicación en estantería Fecha de adquisición Fuente de adquisición Total de préstamos Signatura topográfica completa Código de barras Visto por última vez Precio de reemplazo Tipo de ítem Koha
        Biblioteca del Ateneo de Madrid Biblioteca del Ateneo de Madrid Depósito 2 27/05/2019     L-32369 1200646 23/02/2023 23/02/2023 Libro impreso